The sound and the fury

Novela ficticia, narra la decadencia de la familia Compson, que es arrastrada por la sangre de sus ancestros a principios del siglo XX. La historia se desarrolla desde la óptica de distintos personajes, cuatro hermanos, todos con personalidades diferentes en busca de sus propias ambiciones, influenc...

Täydet tiedot

Tallennettuna:
Bibliografiset tiedot
Päätekijä: Faulkner, William
Aineistotyyppi: Kirja
Kieli:Undetermined
Julkaistu: Gran Bretaña Hazell Watson & Viney Ltd. 1976
Aiheet:
Tagit: Lisää tagi
Ei tageja, Lisää ensimmäinen tagi!

MARC

LEADER 00000nam a2200000Ia 4500
008 170316s9999 xx 000 0 und d
040 |a cru BVZT 
090 |a 860 F-6so 
100 |a Faulkner, William  |9 558 
245 4 |a The sound and the fury  |c / William Faulkner 
260 |a Gran Bretaña 
260 |b Hazell Watson & Viney Ltd. 
260 |c 1976 
300 |a 287 páginas 
520 |a Novela ficticia, narra la decadencia de la familia Compson, que es arrastrada por la sangre de sus ancestros a principios del siglo XX. La historia se desarrolla desde la óptica de distintos personajes, cuatro hermanos, todos con personalidades diferentes en busca de sus propias ambiciones, influenciados de distinta forma por sus padres. Se presenta la tragedia y disfuncionalidad de esta familia, mediante sus vidas fragmentadas y angustiadas por la historia y el legado, donde las voces y acciones se entrelazan unas con otras. 
650 |a LITERATURA ESTADOUNIDENSE  |9 25 
650 |a EN IDIOMA INGLÉS  |9 129 
650 |a NOVELA  |9 13 
999 |c 8666  |d 8666 
942 |c 15 D  |h 860 F-6so  |2 z